000
00261nam a2200109Ia 4500
008
240625s9999 xx 000 0 und d
041
_a
eng
082
_a
658.7 CHO
100
_a
CHOPRA SUNIL
245
_a
SUPPLY CHAIN MANAGEMENT STRATEGY PLANNIN
260
_c
2012
999
_c
39030
_d
39030